000 00355pab a2200133 454500
008 180718b1995 xxu||||| |||| 00| 0 eng d
100 _aMacDonald, Heather
245 _aSecondary mortagage markets and federal housing policy.
260 _c1995
300 _ap.53-79
650 _aHousing - U.S.A.
773 _aJournal of Urban Affairs
909 _a28499
999 _c28499
_d28499